| 000 | 00522nam a22001817a 4500 | ||
|---|---|---|---|
| 003 | OSt | ||
| 005 | 20220107122850.0 | ||
| 008 | 190618b xxu||||| |||| 00| 0 eng d | ||
| 040 | _cIIITMK | ||
| 100 |
_aPulisetti Sai Prashanth (93617028) _915840 |
||
| 245 | _aComplex binary reverse engineering | ||
| 300 | _aMSC CS 2017-2019 | ||
| 502 |
_bMSC CS _c2017-2019 _dINT _eMd. Meraj Uddin |
||
| 650 |
_aJAVASCRIPT _915841 |
||
| 650 |
_aMALICIOUS JAVASCRIPT _915842 |
||
| 650 |
_aRECURRENT NEURAL NETWORK _915843 |
||
| 942 |
_2ddc _cPR |
||
| 999 |
_c6493 _d6493 |
||